[Event "XX C.to Mondiale Seniores femminile"]
[Site "Arco ITA"]
[Date "2011.04.27"]
[Round "2"]
[White "Khmiadashvili, Tamar"]
[Black "Khropova, Larisa"]
[Result "1-0"]
[WhiteElo "2162"]
[BlackElo "2037"]
[PlyCount "107"]
[EventDate "2010.10.26"]

1. d4 Nf6 2. c3 d5 3. Bf4 Bf5 4. Qb3 b6 5. e3 e6 6. Nd2 Bd6 7. Bg3 O-O 8. Ngf3
h6 9. a4 Nc6 10. Ba6 Na5 11. Qa2 c5 12. Be2 c4 13. Bxd6 Qxd6 14. Qa3 Qxa3 15.
Rxa3 Rac8 16. O-O Rc7 17. Ne5 Ne4 18. Nef3 Bg4 19. Bd1 Bxf3 20. Nxf3 g5 21. Bc2
f5 22. Rd1 g4 23. Ne5 Nf6 24. Ng6 Re8 25. Nf4 h5 26. Kf1 Kg7 27. Ke2 Kh6 28. g3
Kg5 29. h3 Rh7 30. Raa1 h4 31. gxh4+ Rxh4 32. hxg4 Nxg4 33. Rh1 Rh6 34. f3 Nh2
35. Rag1+ Kf6 36. Rg2 Reh8 37. Rhg1 Nc6 38. Rg6+ Ke7 39. Kf2 Kd6 40. Bxf5 Ne7
41. Rxe6+ Rxe6 42. Bxe6 Nxf3 43. Kxf3 Rh2 44. Rg2 Rh1 45. Re2 Ra1 46. e4 dxe4+
47. Rxe4 Rxa4 48. Bg4 Nc6 49. Re6+ Kc7 50. Nd5+ Kb7 51. Re8 a5 52. Bc8+ Ka7 53.
Bd7 Kb7 54. Re6 1-0

[Event "XX C.to Mondiale Seniores femminile"]
[Site "Arco ITA"]
[Date "2011.04.27"]
[Round "2"]
[White "Komysheva, Margarita"]
[Black "Fomina, Tatyana V."]
[Result "0-1"]
[WhiteElo "2084"]
[BlackElo "2256"]
[PlyCount "70"]
[EventDate "2010.10.26"]

1. e4 c5 2. Nf3 e6 3. d3 d5 4. Nbd2 Bd6 5. g3 Nc6 6. Bg2 Nge7 7. O-O O-O 8. Re1
Bc7 9. c3 Rb8 10. Nf1 d4 11. h4 b5 12. cxd4 Nxd4 13. Nxd4 cxd4 14. Nh2 e5 15.
h5 Be6 16. g4 f6 17. Qf3 Qd7 18. Qg3 Nc6 19. Bd2 Ba5 20. Bxa5 Nxa5 21. f4 exf4
22. Qxf4 Nc6 23. Qg3 h6 24. Bf3 Ne5 25. Bd1 Rbc8 26. a4 b4 27. a5 Qb5 28. Ba4
Qxd3 29. Kf2 b3 30. Re2 Rc2 31. Rae1 Rfc8 32. Nf3 Qe3+ 33. Kf1 Qxf3+ 34. Qxf3
Nxf3 35. Rd1 Bc4 0-1

[Event "XX C.to Mondiale Seniores femminile"]
[Site "Arco ITA"]
[Date "2011.04.27"]
[Round "2"]
[White "Savinova, Yulia"]
[Black "Blagonadezhnaya, Ideya"]
[Result "1/2-1/2"]
[WhiteElo "1820"]
[BlackElo "1958"]
[PlyCount "46"]
[EventDate "2010.10.26"]

1. d4 g6 2. e4 Bg7 3. c4 d6 4. Nf3 Nf6 5. Nc3 O-O 6. Be2 Nc6 7. O-O a6 8. h3 e5
9. dxe5 dxe5 10. Bg5 h6 11. Qxd8 Rxd8 12. Be3 Be6 13. Nd5 Ne8 14. Rad1 Rac8 15.
Bc5 b6 16. Ne7+ Nxe7 17. Bxe7 Rxd1 18. Rxd1 f6 19. b3 Bf8 20. Bxf8 Kxf8 21. Ne1
Ke7 22. Nc2 Nd6 23. f3 a5 1/2-1/2

[Event "XX C.to Mondiale Seniores femminile"]
[Site "Arco ITA"]
[Date "2010.10.28"]
[Round "3"]
[White "Fomina, Tatyana V."]
[Black "Khmiadashvili, Tamar"]
[Result "0-1"]
[WhiteElo "2256"]
[BlackElo "2162"]
[PlyCount "92"]
[EventDate "2010.10.26"]

1. d4 d5 2. Nc3 Bf5 3. Bg5 c6 4. Qd2 Nf6 5. f3 Nbd7 6. e3 h6 7. Bh4 Qa5 8. Bd3
Bxd3 9. cxd3 e6 10. Nge2 b5 11. a3 Qb6 12. O-O Be7 13. Bf2 a5 14. e4 O-O 15.
Ng3 Nh7 16. Rfe1 Bh4 17. Nh5 Bxf2+ 18. Qxf2 Kh8 19. Ne2 g6 20. Nhf4 e5 21. dxe5
Qxf2+ 22. Kxf2 dxe4 23. d4 g5 24. Nh5 c5 25. Rad1 b4 26. Neg3 bxa3 27. bxa3
cxd4 28. Rxe4 Rfe8 29. Rexd4 Ndf6 30. Nf5 Nf8 31. Rd5 Ng6 32. Nxh6 Kh7 33. Ng4
Rxe5 34. Rxe5 Nxe5 35. Rd5 Nexg4+ 36. Kg3 Ne3 37. Rxg5 Ra6 38. Nf4 Nc4 39. a4
Nb2 40. Rf5 Kg8 41. h4 Nxa4 42. h5 Nc3 43. Nd5 Ncxd5 44. Rxd5 a4 45. Rd2 a3 46.
Ra2 Ra4 0-1

[Event "XX C.to Mondiale Seniores femminile"]
[Site "Arco ITA"]
[Date "2010.10.30"]
[Round "4"]
[White "Khmiadashvili, Tamar"]
[Black "Mira, Helene"]
[Result "1-0"]
[WhiteElo "2162"]
[BlackElo "2144"]
[PlyCount "119"]
[EventDate "2010.10.26"]

1. e4 e5 2. Nc3 Nc6 3. d3 Nf6 4. g3 d5 5. Bg5 dxe4 6. dxe4 Qxd1+ 7. Rxd1 Bb4 8.
f3 O-O 9. Be3 Be6 10. a3 Bxc3+ 11. bxc3 Na5 12. Rb1 b6 13. Bd3 Nc4 14. Bc1 a5
15. h4 Ne8 16. f4 f6 17. f5 Bf7 18. g4 Ned6 19. Ne2 Be8 20. Ng3 Bc6 21. Kf2
Rad8 22. Re1 Rd7 23. g5 Rfd8 24. Rg1 Kh8 25. Kf3 b5 26. Kg4 Rf8 27. Rh1 Rdf7
28. Rf1 Rd7 29. Rf2 Kg8 30. gxf6 gxf6 31. Bh6 Re8 32. Rg1 Kf7 33. Kh3 Rg8 34.
Rfg2 Ke7 35. Bc1 Kf7 36. Nh5 Rxg2 37. Rxg2 Ne8 38. Rg4 Ncd6 39. Ng3 a4 40. h5
Bb7 41. Be3 Nc4 42. Bc5 Ned6 43. h6 Nd2 44. Rg7+ Ke8 45. Bxd6 Rxd6 46. Rxc7 Bc6
47. Rxh7 Kf8 48. Rc7 Kg8 49. Kg4 Kh8 50. h7 Bd7 51. Nh5 Nb1 52. Nxf6 Rxf6 53.
Rxd7 Nxa3 54. Kg5 Rf8 55. Rb7 Nb1 56. Rxb5 Nxc3 57. Ra5 Kxh7 58. Ra7+ Kh8 59.
f6 Rc8 60. Kg6 1-0

[Event "XX C.to Mondiale Seniores femminile"]
[Site "Arco ITA"]
[Date "2010.10.30"]
[Round "4"]
[White "Komysheva, Margarita"]
[Black "Miednikova, Swietlana"]
[Result "0-1"]
[WhiteElo "2084"]
[BlackElo "2146"]
[PlyCount "126"]
[EventDate "2010.10.26"]

1. e4 c5 2. Nf3 Nc6 3. d4 cxd4 4. Nxd4 Nf6 5. Nc3 d6 6. Bg5 e6 7. g3 Be7 8. Bg2
O-O 9. O-O a6 10. Nxc6 bxc6 11. e5 Nd5 12. Bxe7 Qxe7 13. exd6 Qxd6 14. a3 Rd8
15. Qf3 Rb8 16. b4 a5 17. Ne4 Qc7 18. c4 Ne7 19. Rab1 e5 20. Nc5 Rb6 21. bxa5
Rxb1 22. Rxb1 Qxa5 23. Qe3 f6 24. Nb7 Bxb7 25. Rxb7 Rd1+ 26. Bf1 Kf7 27. Kg2
Qe1 28. Qxe1 Rxe1 29. Bd3 Rc1 30. a4 Ke6 31. a5 Rc3 32. Bf1 Ra3 33. Ra7 Nf5 34.
a6 Kd6 35. Rb7 Kc5 36. a7 h5 37. Bd3 Nd6 38. Rxg7 e4 39. Be2 h4 40. Rh7 hxg3
41. hxg3 Ra2 42. Re7 f5 43. Bf1 Nxc4 44. Bxc4 Kxc4 45. Rf7 c5 46. Kf1 Kd4 47.
Rd7+ Kc3 48. Rd5 c4 49. Rxf5 Rxa7 50. Ke2 Kd4 51. Rf8 Ra2+ 52. Kd1 Kd3 53. Rd8+
Kc3 54. Ke1 e3 55. fxe3 Rg2 56. Rg8 Kd3 57. Kf1 Ra2 58. Ke1 Kxe3 59. Kd1 Kd3
60. Kc1 Rg2 61. Ra8 Rg1+ 62. Kb2 c3+ 63. Ka2 c2 0-1

[Event "XX C.to Mondiale Seniores femminile"]
[Site "Arco ITA"]
[Date "2010.11.01"]
[Round "5"]
[White "Miednikova, Swietlana"]
[Black "Khmiadashvili, Tamar"]
[Result "1/2-1/2"]
[WhiteElo "2146"]
[BlackElo "2162"]
[PlyCount "74"]
[EventDate "2010.10.26"]

1. e4 d5 2. exd5 Qxd5 3. Nc3 Qd6 4. d4 c6 5. Nf3 Bg4 6. Bc4 e6 7. Be3 Nf6 8. h3
Bxf3 9. Qxf3 Nbd7 10. O-O Nb6 11. Bd3 Be7 12. Rad1 O-O-O 13. Bf4 Qb4 14. Ne2
Qa5 15. c4 c5 16. dxc5 Qxc5 17. a3 Qc6 18. Qxc6+ bxc6 19. c5 Nbd5 20. Ba6+ Kd7
21. b4 Ne8 22. Nc3 Nec7 23. Nxd5 exd5 24. Bd3 g6 25. Be5 Rhe8 26. f4 a5 27. g4
axb4 28. axb4 f6 29. Bc3 Ra8 30. Ra1 Ke6 31. f5+ Kf7 32. Rxa8 Rxa8 33. Ra1
Rxa1+ 34. Bxa1 Bf8 35. Kf2 Bh6 36. Ke2 Bf4 37. Bd4 g5 1/2-1/2

[Event "XX C.to Mondiale Seniores femminile"]
[Site "Arco ITA"]
[Date "2010.11.01"]
[Round "5"]
[White "Mira, Helene"]
[Black "Fomina, Tatyana V."]
[Result "0-1"]
[WhiteElo "2144"]
[BlackElo "2256"]
[PlyCount "54"]
[EventDate "2010.10.26"]

1. d4 d5 2. Nf3 Nc6 3. Bf4 Bg4 4. e3 e6 5. c4 Nf6 6. Nc3 Bb4 7. Rc1 O-O 8. a3
Bxc3+ 9. Rxc3 Ne7 10. Bg5 Ne4 11. Bxe7 Nxc3 12. Bxd8 Nxd1 13. Bxc7 Nxb2 14. c5
Rfc8 15. Bd6 f6 16. Kd2 Nc4+ 17. Bxc4 dxc4 18. Rb1 b6 19. Kc3 bxc5 20. dxc5 e5
21. Nd2 Be6 22. Nxc4 Rc6 23. a4 Rac8 24. Rd1 Rxc5 25. Bxc5 Rxc5 26. Rd6 Rxc4+
27. Kd3 e4+ 0-1

[Event "XX C.to Mondiale Seniores femminile"]
[Site "Arco ITA"]
[Date "2010.11.01"]
[Round "5"]
[White "Patton, Renata"]
[Black "Centofante, Maria Rosa"]
[Result "0-1"]
[WhiteElo "1380"]
[BlackElo "1619"]
[PlyCount "66"]
[EventDate "2010.10.26"]

1. d4 Nf6 2. Nc3 d5 3. Nf3 c6 4. Bg5 Nbd7 5. e3 h6 6. Bh4 Qa5 7. Qd2 e6 8. a3
Bd6 9. Bd3 Nh5 10. O-O O-O 11. b4 Qc7 12. Ne2 f5 13. c4 g5 14. Bg3 Nxg3 15.
fxg3 Nf6 16. c5 Be7 17. Ne5 Nh5 18. Ng6 Rf6 19. Nxe7+ Qxe7 20. h4 g4 21. Qe1 e5
22. Bc2 Bd7 23. Rf2 Re8 24. Qf1 exd4 25. exd4 Qe3 26. Nf4 Nxg3 27. Qd1 Ne4 28.
Bxe4 Rxe4 29. Ne2 f4 30. a4 g3 31. Nxg3 fxg3 32. Qf1 gxf2+ 33. Kh2 Rxh4# 0-1

[Event "XX C.to Mondiale Seniores femminile"]
[Site "Arco ITA"]
[Date "2010.11.01"]
[Round "5"]
[White "Smith, Vivian J."]
[Black "Chireykina, Natalia W."]
[Result "1/2-1/2"]
[WhiteElo "1827"]
[BlackElo "1799"]
[PlyCount "38"]
[EventDate "2010.10.26"]

1. e4 c5 2. Nc3 Nc6 3. f4 g6 4. Nf3 Bg7 5. Bb5 Nd4 6. O-O e6 7. d3 Ne7 8. Nxd4
cxd4 9. Ne2 O-O 10. Ba4 d5 11. e5 Nf5 12. Rf3 h5 13. Qe1 Bd7 14. Bb3 a5 15. a4
Qc7 16. Bd2 Rfe8 17. Kh1 Qc5 18. c4 dxc3 19. bxc3 Qe7 1/2-1/2

[Event "XX C.to Mondiale Seniores femminile"]
[Site "Arco ITA"]
[Date "2010.11.01"]
[Round "5"]
[White "Volskaya, Vera"]
[Black "Abdikasova, Panu"]
[Result "0-1"]
[WhiteElo "1948"]
[BlackElo "2010"]
[PlyCount "68"]
[EventDate "2010.10.26"]

1. d4 d5 2. Nf3 c6 3. c4 e6 4. Qc2 Nf6 5. g3 Nbd7 6. Bg2 b6 7. b3 Bb7 8. O-O
Be7 9. Nc3 O-O 10. e4 dxe4 11. Nxe4 c5 12. Nxf6+ Nxf6 13. Bb2 Qc7 14. dxc5 Qxc5
15. Rfe1 Rfd8 16. Re5 Qd6 17. Re2 Rac8 18. Ng5 Bxg2 19. Bxf6 Bxf6 20. Qxh7+ Kf8
21. Nxe6+ fxe6 22. Kxg2 Bxa1 23. g4 Qd3 24. Re4 Rc5 25. Rf4+ Ke7 26. Re4 Qd2
27. Qg6 Bf6 28. h4 Rd6 29. b4 Qxb4 30. g5 Ba1 31. h5 Qd2 32. Rg4 Bd4 33. Rxd4
Qxd4 34. f3 Qd2+ 0-1

[Event "XX C.to Mondiale Seniores femminile"]
[Site "Arco ITA"]
[Date "2010.11.02"]
[Round "6"]
[White "Abdikasova, Panu"]
[Black "Khropova, Larisa"]
[Result "0-1"]
[WhiteElo "2010"]
[BlackElo "2037"]
[PlyCount "74"]
[EventDate "2010.10.26"]

1. e4 c5 2. Nf3 d6 3. d4 cxd4 4. Nxd4 a6 5. Be3 Nf6 6. Nc3 e6 7. f3 b5 8. Qd2
Bb7 9. Bd3 Nbd7 10. O-O-O Qc7 11. Kb1 Rc8 12. g4 Ne5 13. g5 Nfd7 14. h4 Nc4 15.
Bxc4 Qxc4 16. Nce2 Qc7 17. b3 Nc5 18. Rhg1 g6 19. h5 e5 20. Ng3 exd4 21. Bxd4
Rg8 22. h6 Ne6 23. Be3 Qc3 24. Qf2 Be7 25. f4 f6 26. Rd3 Qc6 27. gxf6 Bxf6 28.
Rgd1 Be7 29. e5 dxe5 30. fxe5 Rf8 31. Qd2 Rf3 32. Ne2 Rxe3 33. Qxe3 Qxc2+ 34.
Ka1 Ba3 35. Rb1 Qc5 36. Qg3 Qc2 37. Nd4 Qxb1+ 0-1

[Event "XX C.to Mondiale Seniores femminile"]
[Site "Arco ITA"]
[Date "2010.11.02"]
[Round "6"]
[White "Benova, Zita"]
[Black "Savinova, Yulia"]
[Result "0-1"]
[WhiteElo "1750"]
[BlackElo "1820"]
[PlyCount "64"]
[EventDate "2010.10.26"]

1. e4 e5 2. Nf3 Nc6 3. Bc4 Bc5 4. O-O Nf6 5. d3 O-O 6. h3 d5 7. exd5 Nxd5 8. a3
Nde7 9. Nc3 Ng6 10. Ne4 Be7 11. Nfg5 h6 12. Nxf7 Rxf7 13. Qh5 Nh8 14. f4 Kf8
15. Bxf7 Nxf7 16. fxe5 Qd4+ 17. Kh1 Be6 18. Bxh6 Qxe5 19. Bg5 Kg8 20. Rae1 Qd4
21. h4 Nh8 22. Nc3 Qd7 23. Bxe7 Qxe7 24. Re4 Qd7 25. Rfe1 Bf7 26. Qg5 Re8 27.
Rxe8+ Bxe8 28. Nd5 Kf8 29. Qf4+ Bf7 30. Nxc7 Kg8 31. Nb5 Ng6 32. Qg3 Qf5 0-1

[Event "XX C.to Mondiale Seniores femminile"]
[Site "Arco ITA"]
[Date "2010.11.02"]
[Round "6"]
[White "Mira, Helene"]
[Black "Miednikova, Swietlana"]
[Result "1/2-1/2"]
[WhiteElo "2144"]
[BlackElo "2146"]
[PlyCount "66"]
[EventDate "2010.10.26"]

1. d4 e6 2. Nf3 f5 3. g3 Nf6 4. Bg2 d5 5. O-O Bd6 6. c4 c6 7. b3 Qe7 8. Bb2 O-O
9. Ne5 b6 10. Nd2 Bb7 11. cxd5 cxd5 12. Ndf3 Nbd7 13. Qd3 Rac8 14. Rfc1 Ne4 15.
Nxd7 Qxd7 16. e3 Rxc1+ 17. Rxc1 Rc8 18. Rxc8+ Qxc8 19. Bf1 Kf8 20. Ne1 Bb4 21.
Nf3 Ke7 22. a3 Bd6 23. Ne1 Qc7 24. Kg2 a6 25. Nc2 b5 26. b4 Qc4 27. f3 Nf6 28.
Qc3 Qxc3 29. Bxc3 Nd7 30. Na1 Nb6 31. Nb3 Nc4 32. Bxc4 dxc4 33. Nc5 Bxc5
1/2-1/2

[Event "XX C.to Mondiale Seniores femminile"]
[Site "Arco ITA"]
[Date "2010.11.02"]
[Round "6"]
[White "Patton, Renata"]
[Black "Di Cicco, Daniela"]
[Result "1-0"]
[WhiteElo "1380"]
[BlackElo "1539"]
[PlyCount "69"]
[EventDate "2010.10.26"]

1. d4 g6 2. e4 Bg7 3. e5 e6 4. Nf3 h6 5. Bd3 Ne7 6. c4 d6 7. O-O Nd7 8. Bf4 d5
9. c5 c6 10. b4 a6 11. a4 b6 12. Nc3 Bb7 13. b5 a5 14. bxc6 Bxc6 15. Nb5 Nc8
16. Nd6+ Nxd6 17. cxd6 Rb8 18. Qc2 g5 19. Bd2 g4 20. Ne1 Rc8 21. Qb1 Bb7 22. f4
h5 23. f5 Bh6 24. Bxh6 Rxh6 25. f6 Nf8 26. Nc2 Bc6 27. Ne3 Rb8 28. Nf5 exf5 29.
Rxf5 Bd7 30. Bb5 Ne6 31. Qc1 Rc8 32. Qxh6 Nf8 33. Qxh5 Bxb5 34. axb5 Kd7 35.
Qxf7+ 1-0

[Event "XX C.to Mondiale Seniores femminile"]
[Site "Arco ITA"]
[Date "2010.11.04"]
[Round "7"]
[White "Blagonadezhnaya, Ideya"]
[Black "Centofante, Maria Rosa"]
[Result "1/2-1/2"]
[WhiteElo "1958"]
[BlackElo "1619"]
[PlyCount "77"]
[EventDate "2010.10.26"]

1. e4 d5 2. exd5 Qxd5 3. Nc3 Qa5 4. Nf3 Nf6 5. Bc4 Bg4 6. O-O e6 7. h3 Bh5 8.
Be2 c6 9. d3 Qc7 10. Be3 Bd6 11. Ng5 Bxe2 12. Qxe2 Nbd7 13. Nce4 Be7 14. Nxf6+
Nxf6 15. Ne4 h6 16. Nxf6+ Bxf6 17. d4 O-O-O 18. c3 a6 19. a4 Kb8 20. a5 Rd5 21.
b4 e5 22. c4 Rd7 23. dxe5 Qxe5 24. Rac1 Re8 25. Rfe1 Ka8 26. b5 cxb5 27. cxb5
Rd6 28. Qc4 Qd5 29. Qxd5 Rxd5 30. bxa6 bxa6 31. Bb6 Rxe1+ 32. Rxe1 Kb7 33. Rc1
Bd8 34. Rb1 Bxb6 35. Rxb6+ Ka7 36. Rc6 Rxa5 37. Rc7+ Kb8 38. Rxf7 Rg5 39. h4
1/2-1/2

[Event "XX C.to Mondiale Seniores femminile"]
[Site "Arco ITA"]
[Date "2010.11.04"]
[Round "7"]
[White "Chireykina, Natalia W."]
[Black "Abdikasova, Panu"]
[Result "1-0"]
[WhiteElo "1799"]
[BlackElo "2010"]
[PlyCount "67"]
[EventDate "2010.10.26"]

1. e4 c5 2. Nf3 d6 3. d4 cxd4 4. Nxd4 Nf6 5. Nc3 e6 6. Bg5 Be7 7. f4 h6 8. Bh4
a6 9. Bf2 Qc7 10. a4 b6 11. Be2 Bb7 12. Bf3 Nbd7 13. O-O O-O 14. Re1 Rac8 15.
Qd2 Rfe8 16. g4 Nh7 17. h4 g5 18. hxg5 hxg5 19. Kg2 gxf4 20. Rh1 Ng5 21. Rh5
Ne5 22. Qxf4 Ng6 23. Rxg5 e5 24. Rxg6+ fxg6 25. Qh6 exd4 26. Bxd4 Bf8 27. Qh8+
Kf7 28. Rh1 Be7 29. Qg7+ Ke6 30. Qxg6+ Kd7 31. Rh7 Rg8 32. Qf5+ Kd8 33. Qe6 Rf8
34. Bxb6 1-0

[Event "XX C.to Mondiale Seniores femminile"]
[Site "Arco ITA"]
[Date "2010.11.04"]
[Round "7"]
[White "Di Cicco, Daniela"]
[Black "Benova, Zita"]
[Result "0-1"]
[WhiteElo "1539"]
[BlackElo "1750"]
[PlyCount "166"]
[EventDate "2010.10.26"]

1. d4 Nf6 2. Nf3 g6 3. Bf4 d6 4. h3 Bg7 5. Nbd2 Nd5 6. Bh2 Nd7 7. c3 a6 8. e3
O-O 9. Be2 c6 10. O-O e5 11. Ne4 Qc7 12. Qc2 N5f6 13. Nfd2 Nxe4 14. Nxe4 d5 15.
Nd2 Qd8 16. e4 exd4 17. cxd4 dxe4 18. Qxe4 Re8 19. Qd3 Nb6 20. Nf3 Nd5 21. a3
Bf5 22. Qd2 Qe7 23. Rfe1 Qd7 24. Bf1 Nf6 25. Ng5 Qd8 26. Rad1 Nd5 27. Bd3 Bxd3
28. Qxd3 f6 29. Nf3 Qb6 30. Qd2 Rad8 31. Qc2 Rxe1+ 32. Rxe1 Bf8 33. Re6 Kf7 34.
Re4 Bd6 35. Bxd6 Rxd6 36. Qd2 Kg7 37. g3 Qd8 38. Nh4 Qd7 39. g4 Re6 40. f3 Nb6
41. b3 Rxe4 42. fxe4 Qd6 43. Kg2 Qxa3 44. Qc2 Qd6 45. Qc3 Nd7 46. b4 Nf8 47.
Nf3 Nd7 48. e5 fxe5 49. dxe5 Qe6 50. Kg3 h6 51. h4 Nb6 52. Qc5 Nd7 53. Qd6 Qxd6
54. exd6 Kf6 55. g5+ hxg5 56. hxg5+ Ke6 57. Nh4 Nf8 58. Kf4 Kxd6 59. Ke4 b6 60.
Nf3 c5 61. bxc5+ bxc5 62. Ne5 Ke6 63. Nc4 Nh7 64. Kf4 Kd5 65. Ne5 Nxg5 66. Nd3
Ne6+ 67. Ke3 g5 68. Kd2 a5 69. Nb2 g4 70. Ke3 Ng5 71. Na4 Ne6 72. Nb6+ Kc6 73.
Nc4 Kb5 74. Nd2 a4 75. Nb1 Kc4 76. Nd2+ Kc3 77. Ne4+ Kb2 78. Nd2 Kc2 79. Nc4
Nd4 80. Kf4 Nb5 81. Ne3+ Kb3 82. Ke4 a3 83. Kd5 a2 0-1

[Event "XX C.to Mondiale Seniores femminile"]
[Site "Arco ITA"]
[Date "2010.11.04"]
[Round "7"]
[White "Fomina, Tatyana V."]
[Black "Miednikova, Swietlana"]
[Result "1-0"]
[WhiteElo "2256"]
[BlackElo "2146"]
[PlyCount "151"]
[EventDate "2010.10.26"]

1. d4 Nf6 2. Nc3 d5 3. Bg5 Nbd7 4. f3 c5 5. e3 e6 6. Bb5 a6 7. Bxd7+ Bxd7 8.
Nge2 Be7 9. O-O O-O 10. Bh4 b5 11. Qe1 Qc7 12. Rc1 b4 13. Nd1 Bb5 14. c3 Qa7
15. Qd2 a5 16. Nf2 Qa6 17. Rfe1 Rac8 18. Nf4 Rfd8 19. Nh5 Ne4 20. fxe4 Bxh4 21.
e5 Bxf2+ 22. Qxf2 Bd3 23. h4 Bg6 24. Nf4 bxc3 25. bxc3 Be4 26. Rf1 Rf8 27. Qg3
f5 28. Nh5 Rf7 29. Nf6+ Kh8 30. Nxe4 dxe4 31. Rfd1 Qc4 32. Qf2 Rb7 33. Qd2 h6
34. d5 exd5 35. Qxd5 Qxd5 36. Rxd5 a4 37. e6 Re7 38. Rxf5 Rxe6 39. Rd1 Rb6 40.
Rd7 Rb2 41. Rff7 Rg8 42. Rfe7 Rxa2 43. Ra7 Rc2 44. Rxe4 Rxc3 45. Raxa4 Rc2 46.
Ra7 Rc1+ 47. Kh2 Rb1 48. Ree7 Rb4 49. Kh3 Kh7 50. h5 c4 51. Rac7 Kh8 52. g4 Ra4
53. Kg3 Rb4 54. Re4 Ra4 55. Rexc4 Ra3 56. Re7 Rb3 57. Rcc7 Rb5 58. Rf7 Re8 59.
Rfe7 Rxe7 60. Rxe7 Kg8 61. Kf4 Kf8 62. Ra7 Rg5 63. e4 g6 64. hxg6 Rxg6 65. Kf5
Rg5+ 66. Kf6 Kg8 67. e5 Rxg4 68. e6 Rf4+ 69. Ke5 Rf1 70. Ra8+ Kg7 71. e7 Re1+
72. Kd6 h5 73. e8=Q Rxe8 74. Rxe8 Kf6 75. Rh8 Kg5 76. Ke5 1-0

[Event "XX C.to Mondiale Seniores femminile"]
[Site "Arco ITA"]
[Date "2010.11.04"]
[Round "7"]
[White "Khmiadashvili, Tamar"]
[Black "Fatalibekova, Elena"]
[Result "1-0"]
[WhiteElo "2162"]
[BlackElo "2270"]
[PlyCount "87"]
[EventDate "2010.10.26"]

1. c4 e5 2. Nc3 Nf6 3. g3 d5 4. cxd5 Nxd5 5. Bg2 Nxc3 6. bxc3 Bd6 7. d3 O-O 8.
Nf3 Nc6 9. O-O Bd7 10. Nd2 Qc8 11. Re1 Bh3 12. Bh1 f6 13. a4 Kh8 14. a5 Qe8 15.
Nc4 Rb8 16. Nxd6 cxd6 17. Be3 f5 18. f4 Qd7 19. d4 exf4 20. Bxf4 h6 21. Bf3 g5
22. Be3 f4 23. Bf2 d5 24. Qb3 Ne7 25. c4 Be6 26. Qb5 Qd8 27. Rac1 a6 28. Qb4
Nc6 29. Qc5 Nxa5 30. cxd5 b6 31. Qc7 Qxc7 32. Rxc7 Bf5 33. g4 Bg6 34. d6 Rf7
35. Rec1 b5 36. Bd5 Rff8 37. Ra1 Nc4 38. Rxa6 Ne3 39. Bxe3 fxe3 40. d7 b4 41.
Rxg6 b3 42. Rxh6+ Kg7 43. d8=Q+ Kxh6 44. Rc6+ 1-0

[Event "XX C.to Mondiale Seniores femminile"]
[Site "Arco ITA"]
[Date "2010.11.04"]
[Round "7"]
[White "Savinova, Yulia"]
[Black "Borisova, Borislava"]
[Result "0-1"]
[WhiteElo "1820"]
[BlackElo "2096"]
[PlyCount "118"]
[EventDate "2010.10.26"]

1. d4 Nf6 2. c4 e6 3. Nc3 Bb4 4. Qc2 O-O 5. a3 Bxc3+ 6. Qxc3 Ne4 7. Qc2 f5 8.
g3 d5 9. Bg2 c6 10. Nh3 Nd7 11. O-O Ndf6 12. f3 Nd6 13. b3 Bd7 14. Bf4 Nf7 15.
Ng5 Nxg5 16. Bxg5 h6 17. Bf4 Be8 18. c5 Bg6 19. Qd2 Kh7 20. b4 a6 21. a4 Be8
22. a5 Bd7 23. Rae1 Qe8 24. Qd3 Qg6 25. Rf2 Rf7 26. Bf1 Kh8 27. Rg2 Qh7 28. Qe3
Re8 29. Qf2 Bc8 30. e3 Nd7 31. Bd3 g5 32. Be5+ Nxe5 33. dxe5 Qg7 34. f4 Rg8 35.
Be2 Qf8 36. Bd1 Bd7 37. Rf1 Rfg7 38. Re1 Be8 39. Kh1 Bg6 40. Reg1 Qe8 41. h3
Bh5 42. g4 Bg6 43. Rh2 Bh7 44. Bc2 Rf8 45. gxf5 Bxf5 46. Bxf5 Rxf5 47. Rhg2 Qh5
48. Qg3 Rff7 49. Qg4 Qxg4 50. Rxg4 gxf4 51. Rxg7 Rxg7 52. Rxg7 Kxg7 53. exf4
Kg6 54. Kg2 Kf5 55. Kf3 d4 56. h4 h5 57. Kg3 Ke4 58. f5 Kxf5 59. Kf3 Kxe5 0-1

[Event "XX C.to Mondiale Seniores femminile"]
[Site "Arco ITA"]
[Date "2010.11.04"]
[Round "7"]
[White "Shushpanova, Nina"]
[Black "Mira, Helene"]
[Result "1/2-1/2"]
[WhiteElo "1993"]
[BlackElo "2144"]
[PlyCount "51"]
[EventDate "2010.10.26"]

1. e4 e5 2. Nf3 Nc6 3. d4 exd4 4. Bc4 Nf6 5. e5 d5 6. Bb5 Ne4 7. Nxd4 Bd7 8.
Bxc6 bxc6 9. Nd2 Nxd2 10. Bxd2 Bc5 11. Be3 Bb6 12. Qd2 c5 13. Ne2 d4 14. Bg5
Qc8 15. a4 a5 16. O-O O-O 17. b3 Bc6 18. Ng3 h6 19. Bxh6 gxh6 20. Nh5 Qe6 21.
Nf6+ Kg7 22. Nh5+ Kh8 23. Nf6 Kg7 24. Nh5+ Kh7 25. Nf6+ Kg7 26. Nh5+ 1/2-1/2

[Event "XX C.to Mondiale Seniores femminile"]
[Site "Arco ITA"]
[Date "2010.11.04"]
[Round "7"]
[White "Smith, Vivian J."]
[Black "Patton, Renata"]
[Result "1-0"]
[WhiteElo "1827"]
[BlackElo "1380"]
[PlyCount "87"]
[EventDate "2010.10.26"]

1. e4 e5 2. Nf3 Nc6 3. d4 exd4 4. Bc4 Na5 5. Qxd4 Nxc4 6. Qxc4 Nf6 7. e5 d5 8.
Qh4 Be7 9. exf6 Bxf6 10. Qb4 Be7 11. Qb3 c6 12. O-O b5 13. c3 Be6 14. Nd4 Bd7
15. Re1 O-O 16. Be3 Re8 17. Nd2 Bg5 18. Bxg5 Qxg5 19. N2f3 Rxe1+ 20. Rxe1 Qg6
21. Qc2 Qg4 22. Qd2 Qg6 23. Ne5 Qf6 24. Nxd7 Rd8 25. Ne5 Re8 26. Nexc6 Ra8 27.
Qe2 h6 28. Qxb5 Qd6 29. Qd3 Qd7 30. h3 g6 31. Re7 Qd6 32. Qe3 Kg7 33. Qe5+ Qxe5
34. Rxe5 a6 35. Rxd5 Re8 36. Kf1 g5 37. Ra5 Re4 38. Rxa6 Re8 39. b4 f6 40. Ra7+
Kg6 41. g4 Re4 42. Ne7+ Kf7 43. Nef5+ Kg6 44. Rg7# 1-0

[Event "XX C.to Mondiale Seniores femminile"]
[Site "Arco ITA"]
[Date "2010.11.05"]
[Round "8"]
[White "Centofante, Maria Rosa"]
[Black "Di Cicco, Daniela"]
[Result "1-0"]
[WhiteElo "1619"]
[BlackElo "1539"]
[PlyCount "141"]
[EventDate "2010.10.26"]

1. d4 g6 2. Nf3 Bg7 3. c4 d6 4. Nc3 e6 5. e4 Nd7 6. Bd3 Ne7 7. Bf4 h6 8. e5 d5
9. cxd5 exd5 10. b4 a6 11. a4 c6 12. O-O Nb8 13. a5 Be6 14. Na4 Nd7 15. Rc1 Rc8
16. Nc5 Nxc5 17. Rxc5 Rc7 18. Qc2 Qc8 19. Re1 Bf5 20. Bxf5 Qxf5 21. Qd2 Qe6 22.
h3 g5 23. Bg3 Nf5 24. Bh2 O-O 25. Rb1 Rfc8 26. g4 Ne7 27. Ne1 Qg6 28. Rb3 Qe6
29. Ng2 Ng6 30. f4 Nh4 31. fxg5 hxg5 32. Qxg5 Nxg2 33. Kxg2 Qg6 34. Qe3 Bh6 35.
Qf2 Qe4+ 36. Kf1 Qh1+ 37. Qg1 Qxg1+ 38. Kxg1 Bg5 39. Rf3 Re7 40. Bf4 Bxf4 41.
Rxf4 Kg7 42. Kg2 Re6 43. g5 Rh8 44. Kg3 Kg6 45. h4 Kg7 46. Rc2 Kf8 47. Rcf2 Rh7
48. Rf6 Rxf6 49. Rxf6 Ke7 50. Kg4 Kd7 51. h5 Ke7 52. g6 fxg6 53. Rxg6 Rf7 54.
Kg5 Kf8 55. h6 Rh7 56. e6 Re7 57. Kf6 Rh7 58. Ke5 Rc7 59. Kd6 Rh7 60. Rf6+ Ke8
61. Rg6 Kf8 62. Ke5 Rc7 63. Kf5 Rh7 64. Kg5 Rc7 65. Rf6+ Kg8 66. Kg6 Re7 67.
h7+ Rxh7 68. Rf7 Rxf7 69. exf7+ Kf8 70. Kf6 c5 71. bxc5 1-0